01177nam a2200277 a 450000500170000000800410001702000150005804000250007304100080009804400070010608200200011310000250013324500790015824600550023726000770029230000600036950000440042950400420047365000540051565000590056965000510062870000290067994200150070899900150072395201610073820161213153713.0140311b2002 pe a||||r|||| 00| 0 eng d a9972778060 aCO-BoIAVHcCO-BoIAVH0 aeng ape04a598.0985 bW17f1 aWalker, Barryeautor10aField guide to the birds of the Machu Picchu : bHistorical Sanctury, Peru14aField guide to the birds of the Machu Picchu, Peru aLima (Perú) : bPROFONANPE :bPrograma Machu Picchu :bINAENA, c2002. a217 páginas : bilustraciones a color ; c23 x 15 cm. aIncluye glosario e índice de nombres. aIncluye referencias bibliográficas.26aAvesxTaxonomíazMachu Picchu (Perú)vGuías26aAvesxidentificaciónzMachu Picchu (Perú)vGuías26aAvesxEspecieszMachu Picchu (Perú)vGuías1 aFjeldsa, Joneilustrador cLIBRO2ddc c3443d3443 00102ddc40708GENERALIINV2017aVenadobVenadod2003-06-16eInstitutol0oLB-598.0985 W17fp003534r2012-12-04 00:00:00tEj. 1w2012-12-04xComprayLIBRO